[Event "XIe open de Saint-Chély d'Aubrac"]
[Site "Saint-Chely d'Aubrac"]
[Date "2011.07.11"]
[Round "3.14"]
[White "Tassetti, Florent"]
[Black "Taravel, Arno"]
[Result "1-0"]
[WhiteElo "1692"]
[BlackElo "1410"]
[PlyCount "161"]
[EventDate "2011.??.??"]

1. c4 e6 2. g3 d5 3. Bg2 c6 4. cxd5 cxd5 5. d4 Nf6 6. Nc3 h6 7. Bf4 Bd6 8. Bxd6
Qxd6 9. Nf3 Nc6 10. O-O a6 11. Rc1 Bd7 12. e3 O-O 13. Na4 b5 14. Nc5 Rfc8 15.
Ne1 Na5 16. Ned3 Nc4 17. b3 Na5 18. Ne5 Rc7 19. Qd2 Nc6 20. f4 Be8 21. Ncd3
Rac8 22. g4 Ne4 23. Bxe4 dxe4 24. Nc5 f6 25. Nxc6 Rxc6 26. Qg2 Qd5 27. Rfd1 h5
28. h3 hxg4 29. hxg4 f5 30. Kf2 fxg4 31. Qxg4 Bh5 32. Qg1 Bxd1 33. Rxd1 Qh5 34.
Qh1 Qxh1 35. Rxh1 a5 36. Rh5 Rd6 37. Re5 a4 38. b4 a3 39. Rxe4 Kf7 40. Re5 Rh8
41. Kg2 Rh6 42. Ne4 Rd5 43. Nc3 Rxe5 44. dxe5 Kg6 45. Nxb5 Kf5 46. Nd6+ Kg6 47.
b5 Rh8 48. Nc4 Rb8 49. Nxa3 Kf5 50. Kf3 Ra8 51. b6 Ra4 52. b7 Rb4 53. Nc4 Kg6
54. Nd6 Kh7 55. a4 g5 56. fxg5 Kg6 57. a5 Rb1 58. a6 Rf1+ 59. Ke2 Ra1 60. b8=Q
Rxa6 61. Qg8+ Kh5 62. Kf3 Ra7 63. Qh8+ Kxg5 64. Ne4+ Kg6 65. Qf6+ Kh7 66. Ng5+
Kg8 67. Qxe6+ Kf8 68. Qd6+ Kg7 69. e6 Kg6 70. Qd7 Ra5 71. e7 Kxg5 72. Qg4+ Kf6
73. e8=Q Rf5+ 74. Qxf5+ Kxf5 75. Qb5+ Ke6 76. Ke4 Kf6 77. Qf5+ Ke7 78. Qg6 Kd7
79. Kd5 Kc7 80. Qc6+ Kb8 81. Qd7 1-0

[Event "XIe open de Saint-Chély d'Aubrac"]
[Site "Saint-Chely d'Aubrac"]
[Date "2011.07.11"]
[Round "3.15"]
[White "Joyeux, Gerard"]
[Black "Huin, Eric"]
[Result "0-1"]
[WhiteElo "1633"]
[BlackElo "1869"]
[PlyCount "68"]
[EventDate "2011.??.??"]

1. d4 Nf6 2. Nc3 g6 3. e4 d6 4. Bg5 Bg7 5. Qd2 c6 6. Bh6 O-O 7. Bxg7 Kxg7 8. h4
h5 9. O-O-O b5 10. f3 Qa5 11. Kb1 Nbd7 12. g4 b4 13. Nce2 Rb8 14. Nc1 Qb6 15.
gxh5 Nxh5 16. Nge2 c5 17. Nf4 Rh8 18. Nxh5+ Rxh5 19. Be2 Nf6 20. e5 Nd5 21. Nb3
Be6 22. f4 c4 23. Bxh5 c3 24. Qf2 cxb2 25. Kxb2 Qa6 26. Kc1 Nc3 27. Rdg1 Qa3+
28. Kd2 Ne4+ 29. Ke2 Nxf2 30. Kxf2 Qxa2 31. Bxg6 fxg6 32. h5 Qxc2+ 33. Ke1 Bxb3
34. hxg6 Qe4+ 0-1

[Event "XIe open de Saint-Chély d'Aubrac"]
[Site "Saint-Chely d'Aubrac"]
[Date "2011.07.11"]
[Round "3.16"]
[White "Grange, Gary"]
[Black "Meyer, Eric"]
[Result "0-1"]
[WhiteElo "1261"]
[BlackElo "1708"]
[PlyCount "60"]
[EventDate "2011.??.??"]

1. d4 d6 2. e4 Nf6 3. Nc3 g6 4. Nf3 Bg7 5. Bg5 c6 6. Bd3 O-O 7. O-O Nbd7 8. Re1
Re8 9. e5 dxe5 10. dxe5 Ng4 11. Bf4 Nh6 12. Qd2 Nf5 13. Bxf5 gxf5 14. Rad1 Qa5
15. a3 Nb6 16. Qd4 Be6 17. a4 Nc4 18. b3 Rad8 19. Qxd8 Rxd8 20. Rxd8+ Qxd8 21.
Rd1 Qa5 22. bxc4 Qxc3 23. h3 f6 24. Nd4 Kf7 25. Rd3 Qa1+ 26. Kh2 fxe5 27. Nxe6
Kxe6 28. Bg5 Qxa4 29. g4 f4 30. f3 Qxc2+ 0-1

[Event "XIe open de Saint-Chély d'Aubrac"]
[Site "Saint-Chely d'Aubrac"]
[Date "2011.07.11"]
[Round "3.17"]
[White "Grange, Emmanuel"]
[Black "Guerry, Emilien"]
[Result "1-0"]
[WhiteElo "1675"]
[BlackElo "1471"]
[PlyCount "67"]
[EventDate "2011.??.??"]

1. e4 c5 2. c3 Nf6 3. e5 Nd5 4. Bc4 Nb6 5. Bb3 Nc6 6. d4 cxd4 7. cxd4 g6 8. Qf3
e6 9. Ne2 d6 10. Qf6 Qxf6 11. exf6 d5 12. g4 h6 13. f4 g5 14. fxg5 hxg5 15.
Bxg5 Rg8 16. h4 Nd7 17. Nd2 Rh8 18. a3 Bd6 19. Kf2 b5 20. h5 Rg8 21. Nf3 Nf8
22. Rac1 Bb7 23. Bc2 b4 24. Ba4 Rc8 25. axb4 Bxb4 26. Rhg1 Kd8 27. Bf4 Rh8 28.
Rh1 Rg8 29. g5 Nh7 30. Rc2 Na5 31. Rxc8+ Bxc8 32. Rc1 Nc4 33. b3 Nb2 34. Bc7#
1-0

[Event "XIe open de Saint-Chély d'Aubrac"]
[Site "Saint-Chely d'Aubrac"]
[Date "2011.07.11"]
[Round "3.18"]
[White "Souttre, Matthieu"]
[Black "Levy, Nicolas"]
[Result "1-0"]
[WhiteElo "1490"]
[BlackElo "1657"]
[PlyCount "93"]
[EventDate "2011.??.??"]

1. e4 c5 2. Nf3 e6 3. d4 cxd4 4. Nxd4 a6 5. Nc3 Qc7 6. Bd3 Nf6 7. Bg5 Be7 8.
Qe2 d5 9. exd5 Nxd5 10. Nxd5 exd5 11. Qxe7+ Qxe7+ 12. Bxe7 Kxe7 13. O-O-O Nc6
14. Rhe1+ Kd6 15. Nf5+ Bxf5 16. Bxf5 Rhe8 17. Be4 Ne7 18. Kb1 h6 19. c4 Rad8
20. Bxd5 Nxd5 21. Rxd5+ Kc6 22. Rxd8 Rxe1+ 23. Kc2 Re2+ 24. Rd2 Re4 25. Kc3 Kc5
26. b3 Kc6 27. Kd3 Re7 28. Re2 Rxe2 29. Kxe2 Kc5 30. a3 Kd4 31. Kd2 g6 32. f3
f6 33. g4 g5 34. h3 a5 35. a4 b6 36. Kc2 Kc5 37. Kc3 Kc6 38. Kd4 Kd6 39. Kd3
Kc5 40. Kc3 Kc6 41. b4 Kb7 42. b5 Kc7 43. Kd3 Kd7 44. Ke4 Kd6 45. Kd4 Kc7 46.
c5 bxc5+ 47. Kxc5 1-0

[Event "XIe open de Saint-Chély d'Aubrac"]
[Site "Saint-Chely d'Aubrac"]
[Date "2011.07.11"]
[Round "3.20"]
[White "Meyer, Bernard"]
[Black "Barnicol, Georges"]
[Result "1-0"]
[WhiteElo "1464"]
[BlackElo "1580"]
[PlyCount "105"]
[EventDate "2011.??.??"]

1. e4 c5 2. Nf3 e6 3. c3 d5 4. exd5 Qxd5 5. d4 Nf6 6. Bg5 Be7 7. Bb5+ Bd7 8.
Bxd7+ Nbxd7 9. O-O O-O 10. Nbd2 cxd4 11. cxd4 Nb6 12. b3 Qd7 13. Nc4 Nbd5 14.
Rc1 Rfd8 15. Re1 Rac8 16. Bh4 h6 17. h3 Rc6 18. Nfe5 Qe8 19. Nxc6 Qxc6 20. Ne5
Qd6 21. Bg3 Qb6 22. Nf3 Bb4 23. Re5 Nc3 24. Qf1 Nce4 25. Rb5 Qa6 26. Rxb4 Qxa2
27. Rxb7 Nd5 28. Ra1 Qb2 29. Raxa7 Nxg3 30. fxg3 Ne3 31. Qf2 Qb1+ 32. Ne1 Nf5
33. g4 Nd6 34. Rxf7 Qg6 35. Rxg7+ Qxg7 36. Rxg7+ Kxg7 37. Nf3 Ne4 38. Qe2 Ng5
39. Nxg5 hxg5 40. Qe5+ Kf7 41. Qxg5 Rxd4 42. h4 Rd5 43. Qc1 Rd4 44. Qc7+ Kf6
45. g5+ Kg6 46. g3 Rd1+ 47. Kf2 Rd2+ 48. Ke3 Rd5 49. Qc2+ Kh5 50. Qe4 Ra5 51.
Qxe6 Rb5 52. Kf3 Rb7 53. Qh6# 1-0

[Event "XIe open de Saint-Chély d'Aubrac"]
[Site "Saint-Chely d'Aubrac"]
[Date "2011.07.11"]
[Round "4.1"]
[White "Messinger, Karl"]
[Black "Cornette, Matthieu"]
[Result "0-1"]
[WhiteElo "1988"]
[BlackElo "2568"]
[PlyCount "46"]
[EventDate "2011.??.??"]

1. e4 e5 2. Nf3 Nc6 3. Bb5 a6 4. Ba4 Nge7 5. O-O g6 6. c3 Bg7 7. d4 exd4 8.
cxd4 b5 9. Bc2 O-O 10. Nc3 d5 11. e5 Bg4 12. Be3 f6 13. exf6 Rxf6 14. Bg5 Rf7
15. Nxd5 Qxd5 16. Bb3 Qf5 17. Bxe7 Nxe7 18. Bxf7+ Qxf7 19. Rc1 Nd5 20. Rc5 Nf4
21. Qc2 Bxf3 22. Rxc7 Ne2+ 23. Kh1 Qd5 0-1

[Event "XIe open de Saint-Chély d'Aubrac"]
[Site "Saint-Chely d'Aubrac"]
[Date "2011.07.11"]
[Round "4.2"]
[White "Benmesbah, Natacha"]
[Black "Van Hoolandt, Patrick"]
[Result "1-0"]
[WhiteElo "2217"]
[BlackElo "2166"]
[PlyCount "97"]
[EventDate "2011.??.??"]

1. e4 e5 2. Nf3 Nc6 3. Bc4 Bc5 4. d3 Nf6 5. Nc3 d6 6. Bg5 Na5 7. Bb3 c6 8. h3
h6 9. Be3 Bxe3 10. fxe3 Nxb3 11. axb3 O-O 12. Qd2 Re8 13. O-O-O d5 14. g4 dxe4
15. dxe4 Qxd2+ 16. Rxd2 b5 17. Rd6 b4 18. Rxf6 gxf6 19. Na4 Rd8 20. Rf1 Rd6 21.
Nc5 Rb8 22. Nd2 Rb5 23. Nc4 Rd8 24. Nd3 Kg7 25. Kd2 Be6 26. Ra1 Rb7 27. Ke2
Rbd7 28. Nd2 c5 29. Ra5 c4 30. bxc4 b3 31. Nxb3 Bxc4 32. Nbc5 Bxd3+ 33. cxd3
Rc7 34. Kd2 h5 35. gxh5 Rh8 36. d4 Rxh5 37. d5 Rh8 38. b4 Rhc8 39. Kc3 Kg6 40.
Kc4 f5 41. d6 Rb7 42. Ra6 Rb6 43. exf5+ Kxf5 44. d7 Rd8 45. Rxa7 Kf6 46. b5 Ke7
47. Rc7 f5 48. Rc6 Rdb8 49. Rc8 1-0

[Event "XIe open de Saint-Chély d'Aubrac"]
[Site "Saint-Chely d'Aubrac"]
[Date "2011.07.11"]
[Round "4.3"]
[White "Riff, Jean-Noel"]
[Black "Guichard, Pauline"]
[Result "1-0"]
[WhiteElo "2493"]
[BlackElo "2305"]
[PlyCount "39"]
[EventDate "2011.??.??"]

1. e4 c5 2. Nf3 e6 3. d4 cxd4 4. Nxd4 Nc6 5. Nc3 Qc7 6. Be2 a6 7. Be3 Nf6 8. a3
Bd6 9. Qd2 Nxd4 10. Bxd4 Bf4 11. Qd3 O-O 12. g3 e5 13. gxf4 exd4 14. Qxd4 Qxf4
15. Rg1 g6 16. Rg3 Qh4 17. Rf3 Nh5 18. Nd5 Re8 19. Re3 Re6 20. Bxh5 1-0

[Event "XIe open de Saint-Chély d'Aubrac"]
[Site "Saint-Chely d'Aubrac"]
[Date "2011.07.11"]
[Round "4.4"]
[White "Muller, Anne"]
[Black "Biaux, Alain"]
[Result "0-1"]
[WhiteElo "2140"]
[BlackElo "1909"]
[PlyCount "104"]
[EventDate "2011.??.??"]

1. e4 e6 2. d4 d5 3. Nd2 Nf6 4. e5 Nfd7 5. Bd3 c5 6. c3 Nc6 7. Ne2 f6 8. exf6
Nxf6 9. Nf3 Bd6 10. O-O cxd4 11. cxd4 Qc7 12. Bg5 O-O 13. Rc1 Nh5 14. Nc3 a6
15. Bb1 g6 16. Re1 Rxf3 17. Qxf3 Bxh2+ 18. Kh1 Bd6 19. Ne2 Qf7 20. Qxf7+ Kxf7
21. a3 Bd7 22. Ba2 Kg7 23. Kg1 Rf8 24. g3 h6 25. Be3 g5 26. Nc3 Nf6 27. Kg2 Ne7
28. Bb3 b5 29. Ne2 Ng4 30. Ng1 Nf5 31. Nf3 Bxg3 32. Re2 Bd6 33. Bd2 Nf6 34. Bb4
g4 35. Ne5 Bxb4 36. axb4 Nxd4 37. Re3 Be8 38. Rc7+ Kg8 39. Bd1 h5 40. Ra7 Ne4
41. f3 gxf3+ 42. Nxf3 Nf5 43. Ra3 Ned6 44. Ng5 Nc4 45. R7xa6 Nfe3+ 46. Kh3 Nxd1
47. Rg3 Nf2+ 48. Kg2 Ng4 49. Nf3 e5 50. Kg1 e4 51. Nh2 Nce3 52. Rd6 Nf5 0-1

[Event "XIe open de Saint-Chély d'Aubrac"]
[Site "Saint-Chely d'Aubrac"]
[Date "2011.07.11"]
[Round "4.5"]
[White "Galloux, Maxime"]
[Black "Devoille, Hugo"]
[Result "1-0"]
[WhiteElo "2075"]
[BlackElo "1786"]
[PlyCount "69"]
[EventDate "2011.??.??"]

1. c4 Nf6 2. Nf3 g6 3. g3 Bg7 4. Bg2 O-O 5. O-O d6 6. Nc3 e5 7. d3 Nc6 8. Rb1
a5 9. a3 Be6 10. b4 axb4 11. axb4 Nd7 12. b5 Nd4 13. Ng5 Nc5 14. Nxe6 Ndxe6 15.
Bb2 Qd7 16. Nd5 f5 17. Ra1 Qf7 18. Qc2 Nd4 19. Bxd4 exd4 20. Ra2 g5 21. f4 g4
22. Rfa1 Rac8 23. Ra7 Qe8 24. Kh1 h5 25. Re1 Qd8 26. h4 Re8 27. Qd2 Kh8 28. Kg1
Re6 29. Kf1 Qe8 30. b6 c6 31. Nc7 Rxc7 32. bxc7 Qd7 33. Qa5 Re8 34. Ra8 Kh7 35.
Rd8 1-0

[Event "XIe open de Saint-Chély d'Aubrac"]
[Site "Saint-Chely d'Aubrac"]
[Date "2011.07.11"]
[Round "4.6"]
[White "Carno, Matthias"]
[Black "Hug, Timothee"]
[Result "1-0"]
[WhiteElo "1921"]
[BlackElo "1786"]
[PlyCount "65"]
[EventDate "2011.??.??"]

1. e4 c5 2. Nc3 Nc6 3. f4 d6 4. Nf3 g6 5. Bc4 Bg7 6. d3 a6 7. a4 e6 8. Be3 Nge7
9. O-O d5 10. exd5 exd5 11. Nxd5 Nxd5 12. Bxc5 Be6 13. Ng5 Nxf4 14. Nxe6 Nxe6
15. Ba3 Qd7 16. c3 Bf8 17. Bxf8 Kxf8 18. d4 Na5 19. Ba2 Rc8 20. Qe2 Nd8 21. Qe5
Rg8 22. Qxa5 Rg7 23. Rae1 Nc6 24. Qc5+ Kg8 25. Qg5 Re8 26. Qd5 Qd8 27. Rxf7
Qxd5 28. Bxd5 Rxe1+ 29. Rf1+ Kh8 30. Rxe1 Rc7 31. Bxc6 bxc6 32. Re8+ Kg7 33.
Ra8 1-0

[Event "XIe open de Saint-Chély d'Aubrac"]
[Site "Saint-Chely d'Aubrac"]
[Date "2011.07.11"]
[Round "4.7"]
[White "Schmitt, Claude"]
[Black "Tassetti, Florent"]
[Result "1/2-1/2"]
[WhiteElo "1831"]
[BlackElo "1692"]
[PlyCount "61"]
[EventDate "2011.??.??"]

1. c4 c5 2. Nc3 g6 3. g3 Bg7 4. Bg2 Nc6 5. Nf3 d6 6. d3 Nf6 7. O-O O-O 8. Rb1
Nd7 9. Bd2 Nde5 10. a3 Nxf3+ 11. Bxf3 Bh3 12. Re1 Qd7 13. b4 cxb4 14. axb4 Ne5
15. Bh1 f5 16. Nd5 Bg4 17. Qb3 e6 18. Nf4 Rae8 19. f3 Bh5 20. d4 Nf7 21. Nxh5
gxh5 22. e3 h4 23. f4 hxg3 24. hxg3 Kh8 25. c5 e5 26. Bc3 e4 27. d5 Rg8 28. Bg2
Rc8 29. Bd4 Bxd4 30. exd4 a6 31. Rbc1 1/2-1/2

[Event "XIe open de Saint-Chély d'Aubrac"]
[Site "Saint-Chely d'Aubrac"]
[Date "2011.07.11"]
[Round "4.8"]
[White "Herrero, Alain"]
[Black "De Leeuw, Johannes"]
[Result "0-1"]
[WhiteElo "1774"]
[BlackElo "1827"]
[PlyCount "137"]
[EventDate "2011.??.??"]

1. d4 d5 2. c4 e6 3. Nc3 Nf6 4. cxd5 exd5 5. Bg5 Be7 6. e3 c6 7. Bd3 Bg4 8. f3
Bc8 9. Nge2 Nh5 10. Bxe7 Qxe7 11. e4 dxe4 12. fxe4 O-O 13. Qd2 Nd7 14. O-O-O
Nb6 15. h3 Be6 16. e5 g6 17. g4 Ng7 18. Ne4 Nd5 19. Kb1 f6 20. exf6 Nxf6 21.
Ng5 Bd5 22. Rhe1 Qd6 23. Qc2 h6 24. Ne4 Nxe4 25. Bxe4 Rf6 26. Nc3 Raf8 27.
Bxd5+ cxd5 28. Qb3 Rf3 29. Qxd5+ Qxd5 30. Nxd5 Rxh3 31. Ne7+ Kh7 32. d5 Rh2 33.
Re4 Rd8 34. Kc1 Rf2 35. Rb4 Rd7 36. d6 Rf6 37. Rbd4 Ne8 38. Nd5 Re6 39. Nc7
Nxc7 40. dxc7 Rxc7+ 41. Kb1 Kg7 42. a3 Ree7 43. R1d2 a6 44. Ka2 Rc6 45. Kb1
Rce6 46. Ka2 Re4 47. Kb3 Rxd4 48. Rxd4 Kf6 49. Kc4 Rc7+ 50. Kd3 Kg5 51. a4 Rc1
52. Ke3 Rc5 53. Kf3 b5 54. axb5 Rxb5 55. b4 a5 56. bxa5 Rxa5 57. Rb4 Kh4 58.
Rc4 Ra3+ 59. Kf2 g5 60. Rc6 Kxg4 61. Rxh6 Ra2+ 62. Kf1 Kg3 63. Rf6 g4 64. Rf5
Ra1+ 65. Ke2 Kg2 66. Rf2+ Kg1 67. Rf4 g3 68. Rf8 Ra2+ 69. Ke1 0-1

[Event "XIe open de Saint-Chély d'Aubrac"]
[Site "Saint-Chely d'Aubrac"]
[Date "2011.07.11"]
[Round "4.9"]
[White "Grange, Romain"]
[Black "Lagunes, Jean-Renaud"]
[Result "0-1"]
[WhiteElo "1721"]
[BlackElo "2116"]
[PlyCount "76"]
[EventDate "2011.??.??"]

1. d4 Nf6 2. Bg5 b6 3. Nd2 Bb7 4. Ngf3 g6 5. Bxf6 exf6 6. e3 Bg7 7. Bc4 O-O 8.
O-O f5 9. c3 d6 10. Re1 a5 11. a3 Nd7 12. Qb3 h6 13. Bd5 c6 14. Bc4 a4 15. Qd1
b5 16. Bd3 d5 17. Bc2 Qe7 18. Re2 Ra7 19. Ne1 Re8 20. Nd3 Bf8 21. Nf3 Bg7 22.
Qd2 Kh7 23. Rae1 Qd6 24. h3 Nb6 25. Qc1 Nc4 26. Nd2 Nb6 27. Nf3 Bc8 28. Qb1 Be6
29. Nde5 f6 30. Nd3 Nc4 31. Nc5 Bc8 32. Nd2 Nb6 33. Nf3 Bf8 34. g4 Qd8 35. gxf5
g5 36. Ne6 Bxe6 37. fxe6+ Kg8 38. Bh7+ Rxh7 0-1

[Event "XIe open de Saint-Chély d'Aubrac"]
[Site "Saint-Chely d'Aubrac"]
[Date "2011.07.11"]
[Round "4.10"]
[White "Huin, Eric"]
[Black "Griggio, Jean-Paul"]
[Result "1/2-1/2"]
[WhiteElo "1869"]
[BlackElo "1784"]
[PlyCount "46"]
[EventDate "2011.??.??"]

1. e4 e5 2. Nf3 Nc6 3. d4 exd4 4. Nxd4 Nf6 5. Nxc6 bxc6 6. e5 Ng8 7. Bd3 d5 8.
O-O Be6 9. f4 g6 10. f5 gxf5 11. Bxf5 Qd7 12. Bxe6 Qxe6 13. Qf3 Bg7 14. Bf4 Ne7
15. Nc3 Ng6 16. Bg3 O-O 17. Rae1 Qe7 18. Ne2 Bxe5 19. Bxe5 Qxe5 20. Ng3 Qg5 21.
Qc3 f5 22. Qxc6 f4 23. Nh1 Rad8 1/2-1/2

[Event "XIe open de Saint-Chély d'Aubrac"]
[Site "Saint-Chely d'Aubrac"]
[Date "2011.07.11"]
[Round "4.11"]
[White "Meyer, Eric"]
[Black "Lagunes, Robin"]
[Result "0-1"]
[WhiteElo "1708"]
[BlackElo "1835"]
[PlyCount "114"]
[EventDate "2011.??.??"]

1. d4 Nf6 2. c4 d5 3. Nc3 c6 4. cxd5 Nxd5 5. Nf3 Bf5 6. e3 e6 7. Bd2 Nf6 8. Be2
Be7 9. O-O Nbd7 10. Rc1 O-O 11. a3 Ne4 12. Nxe4 Bxe4 13. Bc3 Qc7 14. Nd2 Bg6
15. Bf3 Rad8 16. Qb3 Nf6 17. Bb4 Bh5 18. Bxh5 Nxh5 19. Nf3 Qb6 20. Rc4 a5 21.
Rfc1 Nf6 22. Ne5 axb4 23. axb4 Nd7 24. Nd3 Bf6 25. g3 e5 26. dxe5 Nxe5 27. Nxe5
Bxe5 28. Re4 Bf6 29. Rcc4 Rd2 30. Rc2 Rxc2 31. Qxc2 g6 32. h4 c5 33. bxc5 Qxb2
34. Qxb2 Bxb2 35. Rb4 Ba3 36. Rxb7 Bxc5 37. Rc7 Bb4 38. Rb7 Bc3 39. Rc7 Bf6 40.
Kg2 Ra8 41. Rc2 Kg7 42. Kf3 Rb8 43. Rc4 Rb2 44. Re4 Bc3 45. Rf4 f5 46. g4 fxg4+
47. Rxg4 Be1 48. Rg2 Kh6 49. Kg3 Kh5 50. Rh2 Rxf2 51. Rxf2 Bxf2+ 52. Kxf2 Kxh4
53. Kf3 Kg5 54. Kg3 Kf5 55. Kf3 Ke5 56. Kg3 Ke4 57. Kf2 h5 0-1

[Event "XIe open de Saint-Chély d'Aubrac"]
[Site "Saint-Chely d'Aubrac"]
[Date "2011.07.11"]
[Round "4.12"]
[White "Goulesque, Camille"]
[Black "Marie, Olivier"]
[Result "1-0"]
[WhiteElo "1660"]
[BlackElo "1678"]
[PlyCount "157"]
[EventDate "2011.??.??"]

1. e4 d5 2. exd5 c6 3. dxc6 e5 4. g3 Bc5 5. Bg2 Qb6 6. Qe2 Ne7 7. Nc3 Nbxc6 8.
Nf3 O-O 9. Ne4 Ng6 10. Nxc5 Qxc5 11. d3 Nb4 12. c3 Nd5 13. Be3 Nxe3 14. Qxe3
Qb5 15. b4 a5 16. a4 Qc6 17. Qd2 axb4 18. cxb4 Rxa4 19. O-O Rxa1 20. Rxa1 Qd6
21. Ne1 Qb6 22. Qc3 Be6 23. Qc5 Qxc5 24. bxc5 Rc8 25. Bxb7 Rxc5 26. Ra8+ Nf8
27. Nf3 Bh3 28. Ra1 Rb5 29. Be4 g6 30. Nd2 Ne6 31. Rb1 Rxb1+ 32. Nxb1 Nd4 33.
Nc3 Be6 34. Kg2 Kf8 35. h3 h6 36. g4 f5 37. gxf5 gxf5 38. Bf3 Nc2 39. Kg3 Ne1
40. Be2 Kg7 41. Na4 f4+ 42. Kh2 Kf6 43. Nc5 Bc8 44. Bd1 Ke7 45. f3 Bf5 46. Be2
Nc2 47. Ne4 Nd4 48. Bd1 Bg6 49. Nf2 Kd6 50. Ne4+ Kc6 51. h4 Nf5 52. Kh3 Kb5 53.
Nf6 Nd4 54. Ng4 Bf5 55. Kg2 Bxg4 56. fxg4 Kb4 57. g5 hxg5 58. hxg5 Nf5 59. Kf3
Kc3 60. Ke4 Nh4 61. Bh5 Kc2 62. g6 Nxg6 63. Bxg6 Kd2 64. Kf3 Kc3 65. Ke2 Kd4
66. Be4 Kc5 67. Ke1 Kd4 68. Kd2 Kc5 69. Kc3 Kd6 70. Kb4 Ke6 71. Bg2 Kd6 72. Kb5
Ke6 73. Kc6 e4 74. dxe4 Ke5 75. Kc5 Ke6 76. Kd4 Kd6 77. e5+ Ke6 78. Ke4 Ke7 79.
Kxf4 1-0

[Event "XIe open de Saint-Chély d'Aubrac"]
[Site "Saint-Chely d'Aubrac"]
[Date "2011.07.11"]
[Round "4.13"]
[White "Souttre, Matthieu"]
[Black "Grange, Emmanuel"]
[Result "0-1"]
[WhiteElo "1490"]
[BlackElo "1675"]
[PlyCount "106"]
[EventDate "2011.??.??"]

1. d4 d5 2. c4 e6 3. Nc3 Nf6 4. Bg5 Be7 5. e3 O-O 6. Nf3 Nbd7 7. cxd5 Nxd5 8.
Bxe7 Qxe7 9. Nxd5 exd5 10. g3 Nf6 11. Bg2 Ne4 12. O-O Bg4 13. h3 Bh5 14. g4 Bg6
15. Ne5 Rae8 16. Nxg6 fxg6 17. Rc1 c6 18. a3 Rf7 19. Qe1 Ref8 20. f4 h6 21. h4
Re8 22. Bf3 Nd6 23. Rc3 Nc4 24. Qf2 Rf6 25. Re1 b5 26. b4 Kh8 27. Bh1 Re6 28.
f5 Rf6 29. e4 gxf5 30. gxf5 Qf7 31. exd5 Rxe1+ 32. Qxe1 cxd5 33. Rf3 Rxf5 34.
Rxf5 Qxf5 35. Qe8+ Kh7 36. Qxb5 Qg4+ 37. Bg2 Qxd4+ 38. Kh2 Qxh4+ 39. Kg1 Qd4+
40. Kh2 Qf4+ 41. Kh3 Qf5+ 42. Kh2 Nxa3 43. Qxd5 Qxd5 44. Bxd5 Kg6 45. Kg3 Kf6
46. Kf4 g5+ 47. Kg4 Nb5 48. Kh5 Kg7 49. Be4 Nd6 50. Bg6 Nf7 51. b5 Nd6 52. Bd3
Ne8 53. Bc2 Nf6# 0-1

[Event "XIe open de Saint-Chély d'Aubrac"]
[Site "Saint-Chely d'Aubrac"]
[Date "2011.07.11"]
[Round "4.14"]
[White "Hug, Roxana"]
[Black "Burri, Quentin"]
[Result "0-1"]
[WhiteElo "1530"]
[BlackElo "1657"]
[PlyCount "112"]
[EventDate "2011.??.??"]

1. e4 c5 2. Nc3 a6 3. d3 b5 4. g3 Bb7 5. Bg2 e6 6. Be3 Nf6 7. Qd2 d5 8. exd5
Nxd5 9. Nge2 Qd7 10. Nxd5 Bxd5 11. O-O Bxg2 12. Kxg2 Nc6 13. c3 Rd8 14. Rad1
Qb7 15. Kg1 Ne5 16. f4 Rxd3 17. Qc1 Rxd1 18. Rxd1 Nf3+ 19. Kf2 Nxh2 20. Ke1 Be7
21. Kd2 c4 22. Nd4 Qg2+ 23. Ke1 Qf1+ 24. Kd2 Qg2+ 25. Ke1 Bc5 26. a3 Bxd4 27.
Rxd4 Qf1+ 28. Kd2 Nf3+ 29. Kc2 Nxd4+ 30. Bxd4 Qxc1+ 31. Kxc1 a5 32. Bc5 a4 33.
Kd2 Kd7 34. Bd4 Kc6 35. Ke3 Kd5 36. Kf3 f6 37. Be3 e5 38. f5 h5 39. Bf2 g5 40.
fxg6 Rg8 41. Ke3 Rxg6 42. Kf3 f5 43. Ke3 Rg4 44. Kf3 Re4 45. Bg1 Re1 46. Bf2
Rb1 47. Ke3 Rxb2 48. Kf3 Rb3 49. Ke2 Rxc3 50. Kd2 Rxa3 51. Ke2 Rb3 52. Kd1 a3
53. Kc2 a2 54. Kc1 a1=Q+ 55. Kc2 Rb2+ 56. Kc3 Qc1# 0-1

[Event "XIe open de Saint-Chély d'Aubrac"]
[Site "Saint-Chely d'Aubrac"]
[Date "2011.07.11"]
[Round "4.15"]
[White "Meyer, Bernard"]
[Black "Manser, Lucas"]
[Result "0-1"]
[WhiteElo "1464"]
[BlackElo "1640"]
[PlyCount "82"]
[EventDate "2011.??.??"]

1. e4 c6 2. d4 d5 3. Nc3 dxe4 4. Nxe4 Nd7 5. Nf3 Ngf6 6. Nc3 e6 7. a3 Be7 8.
Be2 O-O 9. O-O c5 10. Be3 b6 11. dxc5 Nxc5 12. Nd4 Bb7 13. Bf3 Nd5 14. Nxd5
Bxd5 15. Bxd5 Qxd5 16. c3 Rfd8 17. Qc2 Qb7 18. Rad1 Rd7 19. h3 Rad8 20. b4 Ne4
21. Rde1 Rc8 22. Ne2 Bf6 23. Rd1 Rcd8 24. Rxd7 Rxd7 25. c4 Be7 26. f3 Nf6 27.
c5 Rc7 28. Rd1 Nd5 29. Bf2 Qc8 30. Rc1 Bg5 31. Rd1 Be3 32. Qd3 Bxf2+ 33. Kxf2
h6 34. Rc1 bxc5 35. bxc5 Rxc5 36. Rxc5 Qxc5+ 37. Kg3 Qc7+ 38. Kf2 Qb6+ 39. Kg3
Qb2 40. f4 a5 41. f5 Qe5+ 0-1

[Event "XIe open de Saint-Chély d'Aubrac"]
[Site "Saint-Chely d'Aubrac"]
[Date "2011.07.11"]
[Round "4.16"]
[White "Neff, Thomas"]
[Black "Kirchhoff, Matthieu"]
[Result "1/2-1/2"]
[WhiteElo "1424"]
[BlackElo "1598"]
[PlyCount "40"]
[EventDate "2011.??.??"]

1. e4 c5 2. Nf3 Nc6 3. Nc3 d6 4. Bc4 g6 5. d3 Bg7 6. h3 a6 7. a4 Bd7 8. Bg5 Qa5
9. Bd2 Qd8 10. O-O Rb8 11. Qc1 Na7 12. Bg5 Qc8 13. Kh2 b5 14. axb5 Nxb5 15. Qd2
Nxc3 16. bxc3 Bb5 17. Bxb5+ axb5 18. d4 b4 19. cxb4 cxb4 20. Rab1 Nf6 1/2-1/2

[Event "XIe open de Saint-Chély d'Aubrac"]
[Site "Saint-Chely d'Aubrac"]
[Date "2011.07.11"]
[Round "4.17"]
[White "Taravel, Arno"]
[Black "Costa, Matthieu"]
[Result "0-1"]
[WhiteElo "1410"]
[BlackElo "1566"]
[PlyCount "173"]
[EventDate "2011.??.??"]

1. e4 e5 2. Nf3 Nc6 3. Bc4 Bc5 4. c3 Nf6 5. b4 Bb6 6. d3 h6 7. a4 a6 8. Ba3 d6
9. b5 axb5 10. Bxb5 Bd7 11. Nbd2 Ne7 12. Bxd7+ Qxd7 13. Bb2 Ng6 14. d4 O-O 15.
O-O Rfe8 16. Nc4 Ba7 17. dxe5 dxe5 18. Qxd7 Nxd7 19. Rad1 Nc5 20. Rd5 c6 21.
Rd6 Nxe4 22. Rd7 Nc5 23. Rd2 Nxa4 24. Rb1 e4 25. Nd4 Bxd4 26. Rxd4 Nxb2 27.
Nxb2 e3 28. Nd3 exf2+ 29. Kxf2 b5 30. c4 bxc4 31. Rxc4 Ra2+ 32. Rb2 Rxb2+ 33.
Nxb2 Re6 34. Nd3 Kf8 35. Nb4 Ne7 36. Na6 Nd5 37. Nc5 Rf6+ 38. Kg1 Ke7 39. Re4+
Kd6 40. Nb7+ Kc7 41. Nc5 Rf4 42. Re1 Kb6 43. Nd3 Rc4 44. Rb1+ Kc7 45. Ne5 Rf4
46. Rc1 Nb4 47. g3 Rf5 48. Nc4 Rc5 49. Kf1 Nd3 50. Rd1 Rxc4 51. Rxd3 Rc2 52. h4
c5 53. Ke1 c4 54. Rd4 c3 55. Rc4+ Kd6 56. Kd1 Kd5 57. Rc8 Rd2+ 58. Kc1 Kd4 59.
Rc7 Rf2 60. Rd7+ Ke3 61. Re7+ Kf3 62. Rxf7+ Kxg3 63. Rxg7+ Kxh4 64. Rc7 Rf3 65.
Kc2 h5 66. Rh7 Kg4 67. Rg7+ Kh3 68. Rh7 h4 69. Rg7 Kh2 70. Rh7 h3 71. Rg7 Rg3
72. Re7 Kh1 73. Re1+ Rg1 74. Re8 h2 75. Kxc3 Rg3+ 76. Kd2 Kg2 77. Re2+ Kh3 78.
Re1 Rg1 79. Re3+ Kg4 80. Re4+ Kf5 81. Ra4 h1=Q 82. Ra5+ Kg6 83. Ra6+ Kh5 84.
Ra5+ Rg5 85. Ra3 Qd5+ 86. Rd3 Qxd3+ 87. Kxd3 0-1

[Event "XIe open de Saint-Chély d'Aubrac"]
[Site "Saint-Chely d'Aubrac"]
[Date "2011.07.11"]
[Round "4.18"]
[White "Levy, Nicolas"]
[Black "Joyeux, Gerard"]
[Result "0-1"]
[WhiteElo "1657"]
[BlackElo "1633"]
[PlyCount "58"]
[EventDate "2011.??.??"]

1. f4 b6 2. Nf3 Bb7 3. e3 e6 4. b3 Nf6 5. Bb2 Nc6 6. Bb5 a6 7. Bxc6 Bxc6 8. Ne5
Bb7 9. O-O d6 10. Ng4 Be7 11. d4 Qd7 12. Nxf6+ gxf6 13. Qh5 O-O-O 14. Qxf7 h5
15. Rf2 Rdf8 16. Qg6 h4 17. Qd3 Qc6 18. Nd2 Rfg8 19. e4 Rh6 20. Rc1 Rhg6 21.
Qh3 f5 22. d5 Qc5 23. exf5 Rxg2+ 24. Qxg2 Rxg2+ 25. Kxg2 Qxd5+ 26. Kf1 Qxf5 27.
c4 h3 28. Ke2 Bh4 29. Rff1 Bg2 0-1

[Event "XIe open de Saint-Chély d'Aubrac"]
[Site "Saint-Chely d'Aubrac"]
[Date "2011.07.11"]
[Round "4.19"]
[White "Barnicol, Georges"]
[Black "Grange, Gary"]
[Result "0-1"]
[WhiteElo "1580"]
[BlackElo "1261"]
[PlyCount "38"]
[EventDate "2011.??.??"]

1. e4 Nf6 2. d3 e5 3. Nf3 Nc6 4. c3 d5 5. exd5 Qxd5 6. Be2 Bf5 7. O-O Bc5 8.
Re1 O-O-O 9. Bg5 Qd6 10. b4 Bb6 11. a4 a5 12. b5 Ne7 13. Na3 Bxd3 14. Bxd3 Qxd3
15. Qxd3 Rxd3 16. Rxe5 Ng6 17. Ree1 Rxc3 18. Rad1 Rxa3 19. Bxf6 gxf6 0-1